000 00462nam a2200181Ia 4500
005 20250326125633.0
008 250326s9999 xx 000 0 und d
037 _aTextbook
040 _aFMSL
_beng
_cFMSL
041 _aeng
_2eng
084 _aX:87 M5
_qFMSL
100 _aBennis W
_9121035
245 0 _aLeaders
_cBennis W; us B
260 _aNY
_bNY, Harper & Row
_c1985
300 _a242p
942 _cTB
_hX:87 M5
999 _c1278901
_d1278901